000
00215 a2200097 4500
001
13932
100
_a
Huxley Aldous
245
_a
Texts and Pretexts
260
_a
London
_b
Chatto & windus
_c
090
_c
10900
_d
10900
942
_a
NUST-CAE
_c
M
_c
1004
999
_c
249005
_d
249005